[Event "Quebec op U2000"]
[Site "Montreal"]
[Date "2001.07.25"]
[Round "6"]
[White "Gauthier, Denis"]
[Black "Kougioumoutzakis, Tony"]
[Result "0-1"]
[WhiteElo "1969"]
[BlackElo "1908"]
[PlyCount "52"]
[EventDate "2001.07.21"]
[EventType "swiss"]
[EventRounds "9"]
[EventCountry "CAN"]
[SourceTitle "EXT 2022"]
[Source "ChessBase"]
[SourceDate "2021.10.06"]
[SourceVersion "1"]
[SourceVersionDate "2021.10.06"]
[SourceQuality "1"]

1. d4 Nf6 2. c4 c5 3. d5 d6 4. Nc3 g6 5. e4 Bg7 6. Bd3 0-0 7. Nge2 Na6 8. 0-0 Nc7 9. a3 Rb8 10. Rb1 a5 11. Bg5 Bd7 12. Qd2 Re8 13. f4 b5 14. e5 dxe5 15. fxe5 Ng4 16. d6 Ne6 17. Bxe7 Rxe7 18. dxe7 Qxe7 19. h3 Nxe5 20. Nxb5 Bxb5 21. cxb5 Rd8 22. Qxa5 Nxd3 23. b3 Nd4 24. Nc3 Qe3+ 25. Kh1 Rf8 26. Nd1 Qg3 0-1

[Event "Quebec op U2000"]
[Site "Montreal"]
[Date "2001.07.24"]
[Round "5"]
[White "Kougioumoutzakis, Tony"]
[Black "Ross Latour, Jeremie"]
[Result "0-1"]
[WhiteElo "1908"]
[BlackElo "1667"]
[PlyCount "48"]
[EventDate "2001.07.21"]
[EventType "swiss"]
[EventRounds "9"]
[EventCountry "CAN"]
[SourceTitle "EXT 2022"]
[Source "ChessBase"]
[SourceDate "2021.10.06"]
[SourceVersion "1"]
[SourceVersionDate "2021.10.06"]
[SourceQuality "1"]

1. e4 c6 2. d4 d5 3. exd5 cxd5 4. c4 e6 5. Nf3 Nc6 6. Nc3 Nf6 7. Bd3 dxc4 8. Bxc4 Be7 9. 0-0 0-0 10. a3 a6 11. Bb3 b5 12. Qd3 Bd6 13. Bc2 Ne7 14. Ne4 Ng6 15. Neg5 Bb7 16. Re1 Re8 17. Nxf7 Kxf7 18. Ng5+ Kg8 19. Nxh7 Nxh7 20. Qxg6 Qh4 21. Re5 Bxe5 22. dxe5 Nf8 23. Qd3 Red8 24. Qe2 Qc4 0-1

[Event "Quebec op U2000"]
[Site "Montreal"]
[Date "2001.07.22"]
[Round "2"]
[White "Ramaswamy, Kishor"]
[Black "Kougioumoutzakis, Tony"]
[Result "1-0"]
[WhiteElo "1840"]
[BlackElo "1908"]
[PlyCount "103"]
[EventDate "2001.07.21"]
[EventType "swiss"]
[EventRounds "9"]
[EventCountry "CAN"]
[SourceTitle "EXT 2022"]
[Source "ChessBase"]
[SourceDate "2021.10.06"]
[SourceVersion "1"]
[SourceVersionDate "2021.10.06"]
[SourceQuality "1"]

1. d4 c5 2. c3 d5 3. Nf3 e6 4. Bf4 Nc6 5. e3 f5 6. Nbd2 Nf6 7. h3 Be7 8. Bd3 0-0 9. Ne5 Nd7 10. Ndf3 Ndxe5 11. Nxe5 Nxe5 12. Bxe5 Bd6 13. Qd2 Bxe5 14. dxe5 Qa5 15. a3 Bd7 16. 0-0-0 Ba4 17. Rdg1 b5 18. g4 Qc7 19. gxf5 exf5 20. f4 b4 21. Bc2 Bxc2 22. Qxd5+ Kh8 23. Kxc2 Rad8 24. Qc4 bxa3 25. bxa3 Qa5 26. a4 Rb8 27. Rb1 Qc7 28. Rxb8 Rxb8 29. Rb1 Rd8 30. Rd1 Rb8 31. Rd5 h6 32. Rxc5 Qb7 33. Rb5 Qg2+ 34. Kb3 Rd8 35. e6 Qd2 36. e7 Qd1+ 37. Kb4 Re8 38. Qe6 Qb1+ 39. Ka5 Qd3 40. Qe5 Qd7 41. Rb8 Kg8 42. Rxe8+ Qxe8 43. Qe6+ Kh8 44. Qd6 Kh7 45. Qd8 Qc6 46. e8Q Qxc3+ 47. Ka6 Qc4+ 48. Qb5 Qe6+ 49. Ka5 a6 50. Qdd7 Qg8 51. Qbxf5+ Kh8 52. Qff7 1-0